Statistiques concernant Pays du monde avec une carte vierge - une minute sprint

Cliquez ici pour prendre le quiz!

Statistiques générales

  • Ce quiz a été pris 385 fois
  • Le résultat moyen est 28 sur 196

Réponses sur la Carte

Les réponses sont colorées sur une échelle allant du rouge au vert en fonction du pourcentage des utilisateurs qui les ont devinées à leur premier essai. Vous pouvez retrouver ces pourcentages ci-dessous.
 

Statistiques - réponses

pays% Correct
France
84%
Canada
80%
Etats-Unis
79%
Chine
73%
Russie
72%
Brésil
68%
Espagne
64%
Mexique
64%
Inde
55%
Argentine
53%
Australie
50%
Italie
50%
Allemagne
49%
Japon
47%
Algérie
43%
Chili
42%
Portugal
41%
Maroc
37%
Suède
35%
Pérou
32%
Royaume-Uni
32%
Norvège
31%
Suisse
30%
Finlande
29%
Irlande
29%
Belgique
28%
Danemark
28%
Colombie
27%
Islande
27%
Afrique du Sud
25%
Mongolie
25%
Congo
24%
Irak
24%
Iran
24%
Rép dém du Congo
24%
Égypte
23%
Tunisie
23%
Panama
22%
Grèce
21%
Indonésie
21%
Libye
21%
Bolivie
20%
Mali
20%
Pologne
20%
Pays-Bas
19%
Togo
19%
Paraguay
18%
Uruguay
18%
Autriche
17%
Cuba
17%
Ukraine
17%
Monaco
16%
Andorre
15%
Estonie
15%
Guatemala
15%
Turquie
15%
Venezuela
15%
Costa Rica
14%
Honduras
14%
Kazakhstan
14%
Lituanie
14%
Luxembourg
14%
Nicaragua
14%
Niger
14%
Nouvelle-Zélande
14%
Thaïlande
14%
Vatican
14%
Belize
13%
Bénin
13%
Corée du Sud
13%
Équateur
13%
Lettonie
13%
Laos
12%
Nigeria
12%
Roumanie
12%
Albanie
11%
Ghana
11%
Hongrie
11%
Malte
11%
Serbie
11%
Slovénie
11%
Soudan
11%
Corée du Nord
10%
Haïti
10%
Liban
10%
Malaisie
10%
Slovaquie
10%
Tchad
10%
Arabie Saoudite
9%
Croatie
9%
Fidji
9%
Oman
9%
Saint-Marin
9%
Suriname
9%
Syrie
9%
Viêt Nam
9%
Chypre
8%
Guinée
8%
Kosovo
8%
Népal
8%
Pakistan
8%
Palaos
8%
Salvador
8%
Samoa
8%
Taïwan
8%
Yémen
8%
Bosnie-Herzégovine
7%
Cambodge
7%
Émirats arabes unis
7%
Guyana
7%
Israël
7%
Jamaïque
7%
Kenya
7%
Tonga
7%
Angola
6%
Biélorussie
6%
Birmanie
6%
Éthiopie
6%
Mauritanie
6%
Namibie
6%
Nauru
6%
Rwanda
6%
Sainte-Lucie
6%
Sénégal
6%
Somalie
6%
Tchèquie
6%
Tuvalu
6%
Vanuatu
6%
Afghanistan
5%
Antigua-et-Barbuda
5%
Arménie
5%
Bahamas
5%
Bhoutan
5%
Brunei
5%
Jordanie
5%
Kiribati
5%
Koweït
5%
Liechtenstein
5%
Macédoine
5%
Malawi
5%
Ouzbékistan
5%
Saint-Christophe-
et-Niévès
5%
Salomon
5%
Barbade
4%
Bulgarie
4%
Burundi
4%
Dominique
4%
Gabon
4%
Géorgie
4%
Grenade
4%
Lesotho
4%
Madagascar
4%
Moldavie
4%
Monténégro
4%
Ouganda
4%
Papouasie-
Nouvelle-
Guinée
4%
Philippines
4%
République
Centrafricaine
4%
Saint-Vincent-et-
les-Grenadines
4%
Singapour
4%
Tanzanie
4%
Trinité-et-Tobago
4%
Zambie
4%
Azerbaïdjan
3%
Bangladesh
3%
Cameroun
3%
Côte d'Ivoire
3%
Djibouti
3%
Gambie
3%
Îles Marshall
3%
Kirghizistan
3%
Liberia
3%
Micronésie
3%
Mozambique
3%
Qatar
3%
République
dominicaine
3%
Soudan du Sud
3%
Tadjikistan
3%
Botswana
2%
Cabo-Verde
2%
Comores
2%
Érythrée
2%
Île Maurice
2%
Maldives
2%
São Tomé-
et-Príncipe
2%
Seychelles
2%
Swaziland
2%
Turkménistan
2%
Bahreïn
1%
Guinée-Bissau
1%
Guinée équatoriale
1%
Sierra Leone
1%
Sri Lanka
1%
Timor-Leste
1%
Zimbabwe
1%
Burkina Faso
0%

Distribution des résultats

Percentile par nombre de réponses

% des personnes avec chaque résultat

Votre développement - résultats

Vous n’avez pas pris ce quiz